000 01970cam a22004214i 4500
003 PE-LiUPU
005 20250731173058.0
008 150623s r 000 0 d
035 _a(Sirsi) a24375
040 _aPE-LiUPU
_bspa
_cPE-LiUPU
_erda
082 0 4 _a207.2
_bD32
_221
100 1 _aDavis, Richard E.,
_d1941-,
_eautor.
245 1 0 _aHandbook for doctor of ministry projects :
_ban approach to structured observation of ministry /
_cRichard E. Davis.
264 1 _aLanham, MD :
_bUniversity Press of America,
_c1984.
300 _a223 páginas :
_bilustraciones, gráficos ;
_c22 cm.
336 _atext
_2rdacontent
337 _aunmediated
_2rdamedia
338 _avolume
_2rdacarrier
504 _aIncluye bibliografía.
505 0 _aIntroduction. -What kind of research shall I do? some useful approaches. -What do I want to find out? framing the question. -Has anyone thought of it before reviewing the literature. -What doctrinal assumptions have i made? empirical research. -What should i observe? identifyng and operationalizing variables. -What do people think? the questionnaire. -Can I be objective? test and other tools for systematic observation. -How to talk like an expert: basic statistical concepts. -A few loose ends: topics in data analysis. -ESTADISTICA APLICADA PARA TEOLOGIA.
526 _aSEG42
526 _aSEG41
526 _aSEG40
526 _aSEG39
526 _aP94
526 _aP87
526 _aP86
526 _aP85
526 _aP77
526 _aP76
526 _aP35
650 0 4 _aTítulos académicos.
942 _2ddc
_cBOOK
949 _a207.2 D32
_wDEWEY
_c1
_i48673
_lCCODEBUL1
_mBUL
_p00.00
_r0
_sY
_tBOOK
_u2015-06-24
_xTEOLOGIA
_PP35
_0COMPRA
_o.STAFF. Colección General
596 _a1
999 _a207.2 D32
_wDEWEY
_c27846
_i48673
_f2021-11-9
_g5
_lCCODEBUL1
_mBUL
_r0
_sY
_tBOOK
_u2015-6-24
_xTEOLOGIA
_PP35
_0COMPRA
_o.STAFF. Colección General
_d27846
980 _81
_gALBERTO SANCHEZ Responsable de Automatización